000 00621nam a2200229Ia 4500
003 OSt
005 20220916110956.0
006 a|||||r|||| 00| 0
007 ta
008 220915b |||||||| |||| 00| 0 eng d
024 _a59512
037 _cTextbook
040 _beng
_aARTS
_cARTS
041 _aeng
082 _aP61, J4 (906)
100 _aBroomfield G W
245 0 _aSarufi ya Kiswahili : a grammer of Swahili in Swahili for Swahili for Swahili speaking people
260 _c1954
650 _aLINGUISTICS
942 _hP61, J4 (906)
_cTB
_2CC
999 _c102610
_d102610